| 000 | 00436nam a2200157Ia 4500 | ||
|---|---|---|---|
| 008 | 230524s9999 xx 000 0 und d | ||
| 082 |
_a406 _bKRI |
||
| 100 |
_aEditorial Board _924017 |
||
| 245 | 0 | _aM'n'M Series UPSC General Studies(Civil Service Exam) | |
| 250 | _a10TH | ||
| 260 |
_aNEW DELHI _bMNM Publications (P) Ltd. _c2002 |
||
| 300 | _aII;322 | ||
| 500 | _aQuantity Number: 1 | ||
| 650 |
_aMiscellaneous _91877 |
||
| 942 | _cBK | ||
| 999 |
_c35564 _d35564 |
||